Oprawdiwy kucharsky kunsst aneb neynowssi probowana a dokonala Pesstianska knjha kucharska ...

Kuchárska kniha

Bibliographic Details
Format: Manuscript Book
Language:Slovak
Hungarian
PhysicalDescription:238 strán, 13 nečíslovaných strán rukopis, viazaný 18 cm
Published: [Miesto vzniku nie je známe] [nie pred 1820]
Subjects:

MARC

LEADER 00000ntmaa2200000 a 4500
001 vtls011748873
003 SK-MaSNL
005 20260301095417.0
008 230802q1820 xo || 000 1 slo
035 |a urn:nbn:sk:snk-tm00elo2 
035 |a urn:nbn:sk:snk-tm3n3od 
035 |a 4E5D7293-1628-45BA-9022-49D857F77D5B 
040 |a SNKLA  |b slo  |c SNKLA  |e AACR2 
041 1 |a slo  |h hun 
044 |a xo  |c SK 
072 7 |a 641  |x Kuchárstvo. Potraviny. Varené jedlá  |2 konspekt 
080 |a 641/642  |2 2011 
080 |a 025.171  |2 2011 
245 0 0 |a Oprawdiwy kucharsky kunsst aneb neynowssi probowana a dokonala Pesstianska knjha kucharska ... 
260 |a [Miesto vzniku nie je známe]  |c [nie pred 1820] 
300 |a 238 strán, 13 nečíslovaných strán  |b rukopis, viazaný  |c 18 cm 
520 2 |a Kuchárska kniha 
546 |a Preklad? knihy, ktorá vyšla v Pešti u Jozefa Eggenbergera v roku 1820 
555 0 |a Zbierka literárnych jednotlivín 
650 0 7 |a kuchárstvo  |2 SNKPH  |9 1602 
655 7 |a rukopisy  |2 SNKPH  |9 70548 
655 7 |a kuchárske knihy  |2 SNKPH  |9 277264 
852 |a Slovenská národná knižnica  |b Literárny archív 
958 |a SK 
958 |a ZLJ 
958 |a LAVD 
999 |c 683020  |d 684950 
952 |a SNKLA  |b SNKLA  |c SNKLA_DEP  |y NEVYP  |7 0  |p 17A1227999  |o snkJ 2494  |0 0  |1 0  |4 0  |d 2018-04-03  |f 1  |l 0  |r 2026-02-23 20:03:01  |w 2026-02-23